| 000 | 00494nam a22001457a 4500 | ||
|---|---|---|---|
| 020 | _a0195775708 | ||
| 040 | _cNUST | ||
| 082 |
_221st _a954.9105 _bARI |
||
| 100 |
_aArif, General Khalid Mahmud _9129343 |
||
| 245 |
_aWorking with Zia: Pakistan's Power Politics / _cGenral Khalid Mahumd Arif |
||
| 260 |
_aKarachi: _bOxford University Press, _c1995. |
||
| 300 |
_axvii, 435p. : _c26cm. |
||
| 650 |
_aPakistan's Power Politics, Pakistan _9129326 |
||
| 942 |
_2ddc _cBK _h954.9105 |
||
| 999 |
_c614030 _d614030 |
||